This or That Blitz: 'A' Entertainment Quiz Stats

 Plays Quiz Updated Jun 15, 2018

Score 0/20 Timer 01:30
5 Plays Today
Question Answer Wrong Answers
Grey's __ (2010s TV show)
Ellen Pompeo, Patrick Dempsey
Anatomy
95.7%
Analytics
0.5%
__ One Bites the Dust (1980 song)
Queen
Another
95.6%
Affordable
0.6%
Charlie's ___ (2000 movie)
Cameron Diaz, Drew Barrymore
Angels
95.6%
Allies
0.8%
Sweet Home __ (1974 song)
Lynyrd Skynyrd
Alabama
95.2%
Arizona
1%
Raiders of the Lost __ (1981 movie)
Harrison Ford, Karen Allen
Ark
94.9%
Amulet
1.4%
Evan __ (2007 movie)
Steve Carell, Morgan Freeman
Almighty
94.5%
Amazing
1.8%
Ring the __ (2006 song)
Beyoncé
Alarm
94.4%
Attention
1.9%
__ Now (1979 movie)
Marlon Brando, Martin Sheen
Apocalypse
94%
Aliens
2.2%
Whose Line Is It ______? (2000s TV show)
Drew Carey, Wayne Brady
Anyway
93.8%
Actually
2.4%
__ Development (2000s TV show)
Jason Bateman, Portia de Rossi
Arrested
92.7%
Apprehended
3.6%
Family __ (1960s TV show)
Brian Keith, Kathy Garver
Affair
92.2%
Adventure
4%
An __ Werewolf in London (1981 movie)
David Naughton, Griffin Dunne
American
91%
Angry
5.4%
Begin __ (2012 song)
Taylor Swift
Again
89.8%
Already
6.4%
__ Bud (1997 movie)
Kevin Zegers, Michael Jeter
Air
89.3%
Aqua
7%
__ Gone (1974 song)
The Eagles
Already
88.3%
Always
7.8%
__ in the UK (1977 song)
Sex Pistols
Anarchy
85.5%
Americans
10.8%
Amos 'n' __ (1950s TV show)
Spencer Williams, Alvin Childress
Andy
82.2%
Adam
13.9%
___ Schmidt (2003 movie)
Jack Nicholson, Kathy Bates
About
79.3%
Alexander
16.9%
__ the Storm (2009 song)
Mumford & Sons
After
77.1%
Against
19.1%
The __ Family (1950s TV show)
Jackie Kelk, Paul Newman
Aldrich
9.3%
Addams
87.6%

You're not logged in!

Compare scores with friends on all Sporcle quizzes.
OR
Log In

Sporcle TV

Today on Sporcle TV


Watch our educational content, quiz creation guides, and fun videos on Sporcle TV.

Show Comments

Extras

Top Quizzes Today


Score Distribution

Your Account Isn't Verified!

In order to create a playlist on Sporcle, you need to verify the email address you used during registration. Go to your Sporcle Settings to finish the process.

Report this User

Report this user for behavior that violates our Community Guidelines.

Details: